| 000 | 00902nac a22002051u 4500 | ||
|---|---|---|---|
| 008 | 100527t xxu||||| |||| 00| 0 eng d | ||
| 020 | _a0521564654 : | ||
| 082 |
_a428.0076 _bRIC _222 |
||
| 100 |
_aRichards, Jack C. _914305 |
||
| 245 |
_aPassages. Class Audio Cassettes2 / _cJack Richards, Chuck Sandy |
||
| 260 |
_aCambridge _bCambridge university press, c2000. _cc2000. |
||
| 300 |
_a2 Sound cassettes: _banalog ; _c7 1/4 x 3 1/2 in. |
||
| 505 | _aCassette1(Units1- 6), Cassette2(Units7- 12). | ||
| 511 | _aCatalogued by: Sara | ||
| 650 |
_aEnglish language _xtextbooks for foreign speakers _914306 |
||
| 650 |
_aEnglish language _xproblems, exercises, etc. _914307 |
||
| 700 |
_aSandy, Chuck _914308 |
||
| 942 |
_cCT _k428.0076 RIC _2ddc |
||
| 999 |
_c5227 _d5227 |
||